Central Library OPAC University of Rajshahi

An introduction to operational research / (Record no. 53124)

MARC details
000 -LEADER
fixed length control field 00714nam a2200253 a 4500
001 - CONTROL NUMBER
control field 53124
003 - CONTROL NUMBER IDENTIFIER
rucl marc code BD-RUjL
005 - DATE AND TIME OF LATEST TRANSACTION
control field 20211209075919.0
008 - FIXED-LENGTH DATA ELEMENTS--GENERAL INFORMATION
fixed length control field 161003s1995 ii aa 000 0 eng d
020 ## - INTERNATIONAL STANDARD BOOK NUMBER
International Standard Book Number 0582013496
035 ## - SYSTEM CONTROL NUMBER
System control number (BD-RjUL)53244
040 ## - CATALOGING SOURCE
Original cataloging agency BD-RjUL
Language of cataloging eng
Transcribing agency BD-RjUL
Modifying agency BD-RjUL
041 ## - LANGUAGE CODE
Language code of text/sound track or separate title eng
082 ## - DEWEY DECIMAL CLASSIFICATION NUMBER
Edition number 23
Classification number 658.4034
Author mark and year GUI 1995
100 1# - MAIN ENTRY--PERSONAL NAME
Personal name Gupta, P. K .
9 (RLIN) 157542
245 13 - TITLE STATEMENT
Title An introduction to operational research /
Statement of responsibility, etc. P. K .Gupta; D. S Hira
250 ## - EDITION STATEMENT
Edition statement 1st.ed.
260 ## - PUBLICATION, DISTRIBUTION, ETC. (IMPRINT)
Place of publication, distribution, etc. Delhi :
Name of publisher, distributor, etc. s.chand & company ltd. ,
Date of publication, distribution, etc. 1995
300 ## - PHYSICAL DESCRIPTION
Pagination 453 p. :
Illustrations ill. ;
Size 25 cm.
500 ## - GENERAL NOTE
General note include index
650 #0 - SUBJECT ADDED ENTRY--TOPICAL TERM
Topical term or geographic name as entry element Operations research
9 (RLIN) 158801
700 ## - ADDED ENTRY--PERSONAL NAME
Personal name Hira,D. S
942 ## - ADDED ENTRY ELEMENTS (KOHA)
Source of classification or shelving scheme Dewey Decimal Classification
Koha item type Books
Holdings
Lost status Source of classification or shelving scheme Damaged status Not for loan Collection code Permanent Location Current Location Shelving location Date acquired Source of acquisition Cost, normal purchase price Total Checkouts Full call number Date last seen Date checked out Copy number Koha item type
  Dewey Decimal Classification     Non-fiction Central Library, University of Rajshahi Central Library, University of Rajshahi   28/06/1999 Aligor Library, Dhaka 70.00 1 658.4034 GUI 1995 19/12/2023 12/12/2023 C-2 Books